Представление документа в формате RUSMARC

ПолеНазваниеЗначение
  Тип записи a
  Библиографический уровень m
001 Контрольный номер RU/SLIB/B/208790999
005 Дата корректировки 20201206204419.6
010 Индекс ISBN __
a ISBN 5-691-01354-8
d Цена 178-50
100 Данные общей обработки __
a Данные общей обработки 19050810d2005 |||y0rusy0189 ca
101 Язык документа __
a Язык текста rus
c Язык оригинала rus
102 Страна публикации __
a Страна публикации RU
105 Кодированные данные (монография) __
a Кодированные данные (монография) a j 001zy
200 Заглавие и сведения об ответственности 1_
a Заглавие Теория эволюции
e Сведения, относящиеся к заглавию учеб. для студентов вузов, обучающихся по направлению 510600 "Биология"
f Первые сведения об ответственности А. С. Северцов
b Общее обозначение материала Текст
210 Выходные данные __
a Место издания М.
c Издательство ВЛАДОС
d Дата издания 2005
215 Физическое описание __
a Объем 380 с.
c Иллюстрации/тип воспроизводства ил.
225 Серия __
a Серия Учебник для вузов
320 Библиография __
a Библиография Библиогр.: с. 366-376
330 Аннотация __
a Аннотация Развитие теории эволюции, доказательства и методы изучения, проблемы микро и макроэволюции.
606 Тематические рубрики __
a Основная рубрика Биология
a Основная рубрика Эволюционная биология
610 Ключевые слова __
a Ключевые слова теория эволюции; микроэволюция; макроэволюция; генофонд; экологические ниши; популяции; искусственный отбор; естественный отбор; видообразование; филогенез; онтогенез; эволюция; экосистемы; эволюционные процессы
686 Индексы других классификаций __
a Классификационный индекс 28.02я73
700 Автор _1
a Фамилия Северцов
b Имя А. С.
g Полное личное имя Алексей Сергеевич
4 Код отношения 070
801 Источник записи _0
a Страна RU
b Организация Муниципальное бюджетное учреждение культуры "Централизованная библиотечная система" г. Сургут (Центральная городская библиотека им. А. С. Пушкина)
c Дата составления 20050810
g Правила каталогизации КиК/Котельникова
801 Источник записи _1
a Страна RU
b Организация Муниципальное бюджетное учреждение культуры "Централизованная библиотечная система" г. Сургут (Центральная городская библиотека им. А. С. Пушкина)
c Дата составления 20050810
g Правила каталогизации КиК/Котельникова
852 Данные о местонахождении __
j Шифр хранения 28.02я73
i Авторский знак С 28
901 Тип документа __
t Тип документа m
903 Характеристики (МАРС) __
a Дата передачи 20060802
969 Тип издания __
a Тип издания учебник
990 Данные о заказе (DOS) __
j Количество экземпляров (DOS) 4
t N записи в КСУ для И/У (DOS) 200608